Severo Martínez Peláez y las tradiciones intelectuales en su obra /
Tallennettuna:
| Päätekijä: | |
|---|---|
| Aineistotyyppi: | Teksti |
| Aiheet: | |
| Tagit: |
Lisää tagi
Ei tageja, Lisää ensimmäinen tagi!
|
MARC
| LEADER | 00000 a a2200000 04500 | ||
|---|---|---|---|
| 001 | 13593 | ||
| 003 | |||
| 040 | |||
| 100 | |a Peláez A., Oscar Guillermo | ||
| 245 | |a Severo Martínez Peláez y las tradiciones intelectuales en su obra / |c Oscar Guillermo Peláez A. | ||
| 650 | |a DOCENTES | ||
| 650 | |a HISTORIA | ||
| 650 | |a ANALISIS HISTORICO | ||
| 650 | |a BIOGRAFIAS | ||
| 773 | |g número 74; páginas 3-8 | ||
| 999 | |c 30834 |d 30834 | ||
